| 000 | 00968nam a22003137a 4500 | ||
|---|---|---|---|
| 001 | BR6003727 | ||
| 003 | BR-BrBNA | ||
| 005 | 20230928083155.0 | ||
| 007 | ta | ||
| 008 | 230509b bl.||||| |||| 00| 0 por d | ||
| 040 |
_aBR-BrBNA _bpor _cBiblioteca Nacional de Agricultura |
||
| 041 | _a(Por) | ||
| 072 |
_aE15; E70; L00 _b9700 _b/G514 |
||
| 090 | _ 9700 BR6003727 | ||
| 110 | 1 |
_aConselho de Desenvolvimento do Extremo Sul, Florianopolis, SC (Brasil) _92597 |
|
| 245 | 1 | _aCarnes e derivados. Realidades e perspectivas em Santa Catarina [Microeconomia; Comercializacao; Producao animal; Brasil] | |
| 260 | 3 |
_aFlorianopolis, SC (Brasil): _c1969. |
|
| 300 | _a122 p. | ||
| 500 | _a15 ref.; 43 illus. | ||
| 650 | _aMicroeconomia | ||
| 650 | _aComercializacao | ||
| 650 | _aProducao animal | ||
| 650 | _aCarne | ||
| 650 | _aIndustria alimenticia | ||
| 650 | _aMercado | ||
| 650 | _aSanta Catarina | ||
| 909 |
_a202309 _bLucia _c55 _dLucia Elande |
||
| 942 | _cBK | ||
| 999 |
_c11967 _d11967 |
||